Silné dažde a búrky na východnej Morave a na Slovensku v noci na 20. a na 22. septembra 1949

Bibliographic Details
Main Author: Konček, Mikuláš, 1900-1982 (Author)
Format: Book
Language:Slovak
PhysicalDescription:S. 4-6 4°
Published: [Bratislava] [s.n.] 1950
Edition:[1.] vyd.
Subjects:

MARC

LEADER 00000cam a2200000 a 4500
001 vtls010603936
003 SK-MaSNL
005 20260425235911.0
008 240314s1950 xo f 000 0 slo
040 |a SNK  |b slo  |c SNK  |e AACR2 
041 0 |a slo 
044 |a xo  |c SK 
080 |a 551.515.4(437.2-11)  |2 1981 
080 |a 551.515.4(437.6)  |2 1981 
080 |a 551.515(4)"1949"(084.3)  |2 1981 
100 1 |a Konček, Mikuláš,  |d 1900-1982  |4 aut  |9 38407 
245 1 0 |a Silné dažde a búrky na východnej Morave a na Slovensku v noci na 20. a na 22. septembra 1949  |c Mikuláš Konček 
250 |a [1.] vyd. 
260 |a [Bratislava]  |b [s.n.]  |c 1950 
300 |a S. 4-6  |c 4° 
500 |a Separát z: Meteorologické zprávy, roč. 4, 1950, č. 1-2 
648 7 |a 1949  |2 SNKPH  |9 305903 
650 0 7 |a počasie  |2 SNKPH  |9 942 
650 0 7 |a dažďové zrážky  |2 SNKPH  |9 79980 
650 0 7 |a búrky  |2 SNKPH  |9 28994 
651 7 |a Morava (Česko)  |2 SNKPH  |9 213805 
651 7 |a Slovensko  |2 SNKPH  |9 14231 
655 7 |a separáty  |2 SNKPH  |9 70334 
958 |a OND 
999 |c 841112  |d 843042 
952 |a SNK  |b SNK  |y PREZ  |7 0  |p 17A0942637  |o snkSB 24471  |i snkK 1168/77  |8 3  |0 0  |1 0  |4 0  |d 2014-06-17  |f 1  |l 0  |r 2025-03-28 00:00:00  |w 2026-02-24